Statystyki dla Autobus linia 66 - ZTM Katowice

Kliknij tutaj aby rozwiązać quiz!

Ogólne statystyki

  • Ten quiz został rozwiązany 21 razy
  • Średni wynik to 21 z 28

Statystyki odpowiedzi

MiastoPrzystanek% Poprawnych
MysłowiceKosztowy Rynek
93%
MysłowiceMysłowice Kopalnia
93%
KatowiceZawodzie Centrum Przesiadkowe
93%
MysłowiceDziećkowice Jazd
86%
MysłowiceDziećkowice Kościół
86%
ImielinGolcówka ZPW
86%
MysłowiceMysłowice Bończyka
86%
KatowiceWilhelmina Skrzyżowanie
86%
MysłowiceBrzęczkowice Kościół
79%
MysłowiceBrzęczkowice Ogródki Działkowe
79%
MysłowiceBrzezinka Centrum
79%
ImielinImielin Autostrada
79%
MysłowiceMysłowice Dworzec PKP
79%
KatowiceWilhelmina Zespół Szkół
79%
MysłowiceBrzęczkowice Słupna
71%
MysłowiceBrzęczkowice Szkoła
71%
MysłowiceDziećkowice Stadnina
71%
MysłowiceDziećkowice Wapiennik
71%
KatowiceKolonia Stawiska
71%
MysłowiceMysłowice Katowicka
71%
KatowiceZawodzie Zajezdnia
71%
MysłowiceBrzezinka Dworcowa
64%
MysłowiceDziećkowice Leśniczówka
64%
MysłowiceDziećkowice Ośrodek Zdrowia
64%
ImielinImielin Maratońska
64%
MysłowiceKosztowy Dzióbka
64%
MysłowiceDziećkowice Łukasiewicza
57%
MysłowiceDziećkowice Długa 137
50%

Rozkład punktacji

Percentyl według liczby udzielonych odpowiedzi

Procent ludzi z każdym wynikiem

Twoja historia wyników

Nie rozwiązałeś tego quizu